Дополнение III; Краткая Еврейская Энциклопедия

Bibliografische gegevens
Parent link:Краткая Еврейская Энциклопедия/ Общество по исследованию еврейских общин. Дополнение III.— , 1976-2005
Andere auteurs: Авнер А. Ари, Прат Н. Нафтали
Taal:Russisch
Gepubliceerd in: 2003
Onderwerpen:
Formaat: Boek
KOHA link:https://koha.lib.tpu.ru/cgi-bin/koha/opac-detail.pl?biblionumber=68695

MARC

LEADER 00000nam2a2200000 4500
001 68695
005 20231031075057.0
010 |a 9653207458 
035 |a (RuTPU)RU\TPU\book\73154 
090 |a 68695 
100 |a 20041008d2003 km y0rusy50 ca 
101 0 |a rus 
102 |a is 
105 |a с f 001zy 
200 0 |a Дополнение III  |f гл. ред. А. Авнер, Н. Прат 
210 |d 2003 
215 |a 491 с.  |c ил. 
320 |a Словарь терминов: с. 482-491. 
461 1 |0 (RuTPU)RU\TPU\book\41110  |t Краткая Еврейская Энциклопедия  |f Общество по исследованию еврейских общин  |v Дополнение III  |d 1976-2005 
610 1 |a справочные издания 
610 1 |a энциклопедии 
610 1 |a евреи 
610 1 |a история 
610 1 |a персоналии 
610 1 |a биографии 
686 |a Я20  |v LBC/SL-A  |2 rubbk 
686 |a Ч611.68  |v LBC/SL-A  |2 rubbk 
702 1 |a Авнер  |b А.   |g Ари  |4 651 
702 1 |a Прат  |b Н.  |g Нафтали  |4 651 
801 1 |a RU  |b 63413507  |c 20041008  |g PSBO 
801 2 |a RU  |b 63413507  |c 20070917  |g PSBO 
942 |c BK